| 000 | 00429nam a22001697a 4500 | ||
|---|---|---|---|
| 999 |
_c4967 _d4965 |
||
| 005 | 20210910102138.0 | ||
| 008 | 160630b xxu||||| |||| 00| 0 eng d | ||
| 020 | _a978-007-860501-5 | ||
| 041 | _aeng | ||
| 082 |
_b20038 _a519.2 |
||
| 100 |
_aLipschutz, Seymour _93378 |
||
| 245 | _aIntroduction to Probability & statistic | ||
| 260 |
_bMc graw Hill _c2014 |
||
| 300 | _a358 | ||
| 650 |
_aDiploma Engineering _9817 |
||
| 942 | _cBK | ||